| 000 | 01488nam a2200361 a 4500 | ||
|---|---|---|---|
| 999 |
_c114426 _d114426 |
||
| 003 | BLK | ||
| 005 | 20241219110734.0 | ||
| 008 | 180409b bul|||||r ||||||| ||bul|| | ||
| 010 | _aKNG00119857000 | ||
| 040 | _aBLK | ||
| 041 |
_aBUL _cBUL |
||
| 080 |
_aВоенно изкуство. Общо върху военните операции. Тактика. Стратегия. Бойно поле _b355.4 _z355.4 |
||
| 100 | 1 |
_aДанаилов, Ламби _eпърви автор _9313485 |
|
| 139 |
_aБалканската война _bБ 23 |
||
| 245 | 1 | 0 |
_aБалканската война _b1912-1913 _cЛамби Данаилов. |
| 257 | _aBGR | ||
| 260 |
_bДърж. воен. изд. _c1961 _aСофия |
||
| 300 |
_a503 с. _bс ил., 10 л. сх. _c24 см |
||
| 380 | _a3 | ||
| 500 | _aИзд. на М-вото на нар. отбрана. Генер. щаб. Военноист. отд. - Библиогр. с. 491-497. | ||
| 650 | 4 |
_aБалканска война, 1912 - 1913 г. - военни операции _9313486 |
|
| 653 | _aБалканска война | ||
| 653 | _aвоенни действия | ||
| 852 | _aЦб 21302 | ||
| 856 | 4 | _qpdf | |
| 856 | 4 | _qpdf | |
| 942 |
_cKNG _n0 _s1 _03 |
||
| 944 |
_aCR _c14.10.2010 _lЦветомила Тодорова _k30576 |
||
| 944 |
_aED _c14.10.2010 _lдобави в АБ / 13.10.2010 |
||
| 944 |
_aED _c2021-12-21 _l2021-12-21 _kВК |
||
| 999 | _d114426 | ||
| 999 | _d114426 | ||